000 00318nam a2200133Ia 4500
008 191201s2005 xx 000 0 und d
100 _aYMCA
245 0 _aBooks of Rules of Games and Sports
250 _a26th
260 _aN.Delhi
_bSammy Printer
_c2005
300 _a801
650 _aGeneral Books
942 _2ddc
_cBK
999 _c2468
_d2468